Practices and Tools for Servitization : (Record no. 1681)

MARC details
000 -LEADER
fixed length control field 04643cam a22005775i 4500
001 - CONTROL NUMBER
control field data
005 - DATE AND TIME OF LATEST TRANSACTION
control field 20260322212112.0
006 - FIXED-LENGTH DATA ELEMENTS--ADDITIONAL MATERIAL CHARACTERISTICS
fixed length control field data
007 - PHYSICAL DESCRIPTION FIXED FIELD--GENERAL INFORMATION
fixed length control field data
008 - FIXED-LENGTH DATA ELEMENTS--GENERAL INFORMATION
fixed length control field data
035 ## - SYSTEM CONTROL NUMBER
System control number 21674965
010 ## - LIBRARY OF CONGRESS CONTROL NUMBER
LC control number 2019742901
020 ## - INTERNATIONAL STANDARD BOOK NUMBER
International Standard Book Number 9783319765174
024 7# - OTHER STANDARD IDENTIFIER
Standard number or code 10.1007/978-3-319-76517-4
Source of number or code doi
035 ## - SYSTEM CONTROL NUMBER
System control number (DE-He213)978-3-319-76517-4
040 ## - CATALOGING SOURCE
Original cataloging agency DLC
Language of cataloging eng
Description conventions rda
-- rda
Transcribing agency DLC
072 #7 - SUBJECT CATEGORY CODE
Subject category code BUS087000
Source bisacsh
072 #7 - SUBJECT CATEGORY CODE
Subject category code KJMV6
Source bicssc
072 #7 - SUBJECT CATEGORY CODE
Subject category code KJMV6
Source thema
072 #7 - SUBJECT CATEGORY CODE
Subject category code PDG
Source thema
082 04 - DEWEY DECIMAL CLASSIFICATION NUMBER
Classification number 658.514
Edition information 23
097 00 -
-- HD28-70
245 00 - TITLE STATEMENT
Title Practices and Tools for Servitization :
Remainder of title Managing Service Transition /
Statement of responsibility, etc. edited by Marko Kohtamäki, Tim Baines, Rodrigo Rabetino, Ali Z. Bigdeli.
250 ## - EDITION STATEMENT
Edition statement 1st ed. 2018.
264 #1 - PRODUCTION, PUBLICATION, DISTRIBUTION, MANUFACTURE, AND COPYRIGHT NOTICE
Place of production, publication, distribution, manufacture Cham :
Name of producer, publisher, distributor, manufacturer Imprint: Palgrave Macmillan,
-- Imprint: Palgrave Macmillan,
Date of production, publication, distribution, manufacture, or copyright notice 2018.
300 ## - PHYSICAL DESCRIPTION
Extent 1 online resource (XXVI, 429 pages 86 illustrations)
336 ## - CONTENT TYPE
Content type term text
Content type code txt
Source rdacontent
337 ## - MEDIA TYPE
Media type term computer
Media type code c
Source rdamedia
338 ## - CARRIER TYPE
Carrier type term online resource
Carrier type code cr
Source rdacarrier
347 ## - DIGITAL FILE CHARACTERISTICS
File type text file
Encoding format PDF
Source rda
505 0# - FORMATTED CONTENTS NOTE
Formatted contents note 1 Practices in servitization -- 2 Are you ready for servitization? A tool to measure servitization capacity -- 3 Measuring servitization -- 4 Business models in servitization -- 5 Value constellations in servitization -- 6 Business model innovation: a process model and toolset for servitizing industrial firms -- 7 Servitization through product Modularization in consumer goods manufacturing companies -- 8 Value-Scope-Price: design and pricing of advanced Service offerings based on customer value -- 9 Servitization Challenges Overcoming the challenges of servitization: Aligning responses to service strategy -- 10 Paradoxes in servitization -- 11 Implementing servitization strategies: Trajectories of capability development and offering of Basic and Advanced Services -- 12 Unboxing the key human competencies for successful servitization -- 13 BI-in-practice: A look at how BI enacts framing contests and affects the service transition path -- 14 Managing risks for Product-service systems (PSS) provision: Introducing a practical decision tool for Risk Management -- 15 Selling solutions by selling value -- The virtue of customizing solutions: A managerial framework -- 17 Servitization practices: A co-creation taxonomy -- 18 To servitize is to reposition: Utilizing a Porterian view to understand servitization and value systems -- 19 Enterprise imaging: Picturing the service value system -- 20 Ecosystems innovation for service development -- 21 Service supply chain design by using agent based simulation -- 22 Servitization in the public sector: A framework for energy service companies.
520 ## - SUMMARY, ETC.
Summary, etc. This edited book intends to provide knowledge on tools and practices of servitization to facilitate the formulation and implementation of servitization-based strategies, service infusion and manufacturing service transition globally. Including 22 practically relevant contributions, this book aims to help scholars and practitioners seeking to facilitate servitization in companies through original perspectives and advanced thinking in related issues such as business models, strategic change, practices, processes, routines, value creation and appropriation. Employing practice theory as a useful frame, the contributions span theoretical approaches such as product-service systems, service science, services-dominant logic and cocreation, resource-based views, industrial organization and institutional theory. The book presents tools and frameworks to enable and support servitization and engender understanding of servitization-as-practice.
588 ## - SOURCE OF DESCRIPTION NOTE
Source of description note Description based on publisher-supplied MARC data.
650 #0 - SUBJECT ADDED ENTRY--TOPICAL TERM
Topical term or geographic name entry element Industrial management.
650 #0 - SUBJECT ADDED ENTRY--TOPICAL TERM
Topical term or geographic name entry element Management.
650 #0 - SUBJECT ADDED ENTRY--TOPICAL TERM
Topical term or geographic name entry element Production management.
650 14 - SUBJECT ADDED ENTRY--TOPICAL TERM
Topical term or geographic name entry element Innovation/Technology Management.
Authority record control number or standard number https://scigraph.springernature.com/ontologies/product-market-codes/518000
650 24 - SUBJECT ADDED ENTRY--TOPICAL TERM
Topical term or geographic name entry element Operations Management.
Authority record control number or standard number https://scigraph.springernature.com/ontologies/product-market-codes/519000
700 1# - ADDED ENTRY--PERSONAL NAME
Personal name Baines, Tim.
Relator term editor.
700 1# - ADDED ENTRY--PERSONAL NAME
Personal name Bigdeli, Ali Z.
Relator term editor.
700 1# - ADDED ENTRY--PERSONAL NAME
Personal name Kohtamäki, Marko.
Relator term editor.
700 1# - ADDED ENTRY--PERSONAL NAME
Personal name Rabetino, Rodrigo.
Relator term editor.
776 08 - ADDITIONAL PHYSICAL FORM ENTRY
Relationship information Print version:
Title Practices and tools for servitization
International Standard Book Number 9783319765167
Record control number (DLC) 2018942177
776 08 - ADDITIONAL PHYSICAL FORM ENTRY
Relationship information Printed edition:
International Standard Book Number 9783030095109
776 08 - ADDITIONAL PHYSICAL FORM ENTRY
Relationship information Printed edition:
International Standard Book Number 9783319765167
776 08 - ADDITIONAL PHYSICAL FORM ENTRY
Relationship information Printed edition:
International Standard Book Number 9783319765181
906 ## - LOCAL DATA ELEMENT F, LDF (RLIN)
a 0
b ibc
c origres
d u
e ncip
f 20
g y-gencatlg
925 0# -
-- acquire
-- pcnspringer
-- policy default
985 ## -
-- springerpcn
991 ## -
-- s-Online
-- Electronic Resource
Holdings
Withdrawn status Lost status Damaged status Not for loan Home library Current library Shelving location Date acquired Total checkouts Full call number Barcode Date last seen Price effective from Koha item type
        Springfield Springfield General stacks 22/03/2026   658.514 LOC-SPL-00024 22/03/2026 22/03/2026 Books